000 01110nam a2200337 a 4500
999 _c8584
_d8584
001 8584
003 BD - JhCC
005 20180920130154.0
008 880808s1982 enk 000 1 eng d
020 _a0460006169 (Hardback)
020 _a0460016164 (Paperback)
035 _a(BD - JhCC)8584
040 _aKEU
_cKEU
_dm.c
_dEQO
_dBD - JhCC
041 _aeng
082 _bSHE 1912
_a823.7
090 _aPR5397
_b.F70 1912a
100 1 _aShelley, Mary Wollstonecraft,
_d1797-1851.
245 1 0 _aFrankenstein /
_cby Mary W. Shelley ; introduction by Robert E. Dowse and D.J. Palmer.
250 _a[Paperback Edition]
260 _aLondon :
_bDent,
_c1982
300 _a242 p. ;
_c17 cm.
490 1 _aEveryman's library ;
_v616
500 _aFirst included in Everyman's Library 1912 ; Introduction c.1963 ; Last reprinted 1982.
650 _aScientists in literature
650 _aFrankenstein's Monster (Fictitious character)
700 1 _aDowse, Robert Edward.
700 1 _aPalmer, D. J.
_q(David John),
_d1935-
830 0 _aEveryman's library ;
_v616.
942 _2ddc
_cBK